00665nam a2200157 a 450000100100000000500170001000800410002702000150006804000250008310000300010824501760013826000750031430000210038970000420041071000550045200004220420201002040014.0131119s1997 sp af 000 0 spa d a8400077016 aDO-SdBNPbspacBNPHU1 aCorrea, Manueld1600-165313aLa Música en las Catedrales en el Siglo XVII :bLos Villancicos y Romances de Fray Manuel Correa /cManuel Correa ; estudios y edición José Vicente González Valle. aBarcelona :bConsejo Superior de Investigaciones Científicas,c1997. a117 p. ;c31 cm.1 aGonzález Valle, José Vicenteeed.2 aConsejo Superior de Investigaciones Científicas,